000 00531nam a2200181 i 4500
001 104268
003 ES-MaACL
005 20230906183545.0
007 t|
008 051125s1968 sp ||||1| spa d
100 1 _aMihailov, Mihailo.
_981057
245 1 0 _aVerano en Moscú /
_cMihailo Mihailov; [versión... Julio Fernández Yañez].
250 _a[1ª ed.].
260 _aBarcelona :
_bCaralt,
_c1968.
300 _a221 p. ;
_c20 cm.
700 1 _aFernández-Yáñez, Julio.
_950195
852 _aES-MaACL
_jC-34731
_bR.66784
999 _c104268
_d104268